000 00566nam a2200205Ia 4500
005 20250923144348.0
008 008 250917s9999 xx 000 0 eng d
037 _aTextual
040 _aDSWL
_beng
_cDSWL
041 _aeng
_2eng
084 _aY111:4:5:2:N5, I0
_qDSWL
100 _aKumaria, R.R
_9824113
245 0 _aNew homes for a new India
_cby R.R Kumaria
260 _aDelhi
_bAtma Ram
_c1950
300 _a206 p.
365 _aINR
_b3
925 _g3
942 _cTEXL
_hY111:4:5:2:N5, I0
999 _c1437924
_d1437924